LEADER 00508naa a2200145 i 4500 001 000000295521 003 CaOOAMICUS 005 20180831172527.0 008 180831n xx u000 u und u 013 $a2815 040 $aSeMil$bita 100 1 $aCostigan, Michael E.$0(OLS)http://semarc/name/85331 245 12$aL'Oceania. 773 0 $aBernal Restrepo, Sergio $tEtica, economia e sviluppo.$dBologna : EDB, copyr. 1994.$kEtica e societą$z88-10-40951-5$w()48520 996 $6245$aL'Oceania$9(OLS)http://semarc/title/371577 LEADER 00802naa a2200157 i 4500 001 000000319771 003 CaOOAMICUS 005 20180831173313.0 008 180831n it u000 u ita u 013 $a29568 040 $aSeMil$bita 245 13$aLa ricezione di Ef 6,10-17 nella riflessione sulla lotta spirituale nel monachesimo e nella regola del Carmelo. 650 4$aMonachesimo - Spiritualitą.$0(OLS)http://semarc/subject/2566 650 4$aBibbia - NT - Lettera agli Efesini, 6, 10-17.$0(OLS)http://semarc/subject/44185 773 0 $tIn servitio magistri.$dTroina : Cittą aperta, 2012.$kQuaderni di Synaxis$z978-88-8137-473-1$gp.369-382$w()214594 996 $6245$aLa ricezione di Ef 6,10-17 nella riflessione sulla lotta spirituale nel monachesimo e nella regola del Carmelo$9(OLS)http://semarc/title/393504